The European Union's Geopolitics The Lackluster World Power

Salvato in:
Dettagli Bibliografici
Altri autori: Jopp, Mathias, Pollak, Johannes
Natura: Libro
Lingua:inglese
Pubblicazione: Cham Springer 2025
Soggetti:
Tags: Aggiungi Tag
Nessun Tag, puoi essere il primo ad aggiungerne!!

MARC

LEADER 00000nam a2200000 4500
001 0313143
005 20260107143323.3
020 |a 9783031745874 
041 0 |a eng 
044 |a CH 
245 1 0 |a The European Union's Geopolitics  |b The Lackluster World Power  |c Editors: Mathias Jopp, Johannes Pollak 
264 1 |a Cham  |b Springer  |c 2025 
300 |a 472 s. 
500 |a ProQuest e-books. 
610 2 0 |a Európska únia 
610 2 0 |a geopolitika 
610 2 0 |a politika medzinárodná 
610 2 0 |a vzťahy politické medzinárodné 
610 2 0 |a kríza environmentálna 
610 2 0 |a konflikty medzinárodné 
610 2 0 |a politika energetická 
700 1 |a Jopp, Mathias 
700 1 |a Pollak, Johannes